| 000 | 00588nam a22002057a 4500 | ||
|---|---|---|---|
| 001 | 7616 | ||
| 003 | FISKH | ||
| 005 | 20250728100208.0 | ||
| 008 | 250728b cb ||||| |||| 00| 0 eng d | ||
| 020 | _a9780859535786 | ||
| 040 |
_aFISKH _beng _cFISKH _dFISKH |
||
| 050 | _aPZ8.K824 R | ||
| 082 | _a398.8 | ||
| 100 | _aKubler, Annie | ||
| 245 |
_aRing around the Rosie / _cillustrated by Annie Kubler |
||
| 260 |
_aSwindon : _bChild's Play, _c2003. |
||
| 300 |
_a10 unnumbered pages : _bcolor illustrations ; _c21 cm |
||
| 650 |
_aNursery Rhymes _vBoard Book _xSong |
||
| 942 |
_2ddc _cBK _n0 |
||
| 999 |
_c7616 _d7616 |
||